LEADER 01187nam0-2200385---450- 001 990000323770203316 005 20090601151135.0 010 $a84-7698-432-4 035 $a0032377 035 $aUSA010032377 035 $a(ALEPH)000032377USA01 035 $a0032377 100 $a20010115d1997----km-y0itay0103----ba 101 $aspa 102 $aES 105 $a||||||||001yy 200 1 $a<> nuevo código penal$ecinco cuestiones fundamentales$fJesús-María Silva Sánchez 210 $aBarcelona$cJ.M. Bosch$d1997 215 $a198 p.$d24 cm 225 2 $aBiblioteca de derecho penal 410 0$12001$aBiblioteca de derecho penal 606 0 $aCodice penale$ySpagna 676 $a345.46002632 700 1$aSILVA SANCHEZ,$bJesús-María$0542661 801 0$aIT$bsalbc$gISBD 912 $a990000323770203316 951 $aXXVI.1.D 69 (IG XXI 555)$b27560 G.$cXXVI.1.D 69 (IG XXI)$d00069047 959 $aBK 969 $aGIU 979 $aTAMI$b40$c20010115$lUSA01$h1000 979 $c20020403$lUSA01$h1640 979 $aPATRY$b90$c20040406$lUSA01$h1623 979 $aRSIAV1$b90$c20090601$lUSA01$h1511 996 $aNuevo código penal$9880122 997 $aUNISA LEADER 01855oam 2200505M 450 001 9910716523103321 005 20210706142314.0 035 $a(CKB)5470000002522927 035 $a(OCoLC)1065592678 035 $a(OCoLC)995470000002522927 035 $a(EXLCZ)995470000002522927 100 $a20071213d1926 ua 0 101 0 $aeng 135 $aurcn||||||||| 181 $ctxt$2rdacontent 182 $cc$2rdamedia 183 $acr$2rdacarrier 200 10$aTo amend paragraph 2 of section 7 of the Farm Loan Act. May 26 (calendar day, May 27), 1926. -- Ordered to be printed 210 1$a[Washington, D.C.] :$c[U.S. Government Printing Office],$d1926. 215 $a1 online resource (1 page) 225 1 $aSenate report / 69th Congress, 1st session. Senate ;$vno. 947 225 1 $a[United States congressional serial set] ;$v[serial no. 8526] 300 $aBatch processed record: Metadata reviewed, not verified. Some fields updated by batch processes. 300 $aFDLP item number not assigned. 517 $aTo amend paragraph 2 of section 7 of the Farm Loan Act. May 26 606 $aAgriculture and state 606 $aBank management 606 $aBanks and banking 606 $aLand banks 606 $aLegislative amendments 608 $aLegislative materials.$2lcgft 615 0$aAgriculture and state. 615 0$aBank management. 615 0$aBanks and banking. 615 0$aLand banks. 615 0$aLegislative amendments. 701 $aMcLean$b George Payne$f1857-1932$pRepublican (CT)$01386833 801 0$bWYU 801 1$bWYU 801 2$bOCLCO 801 2$bOCLCQ 906 $aBOOK 912 $a9910716523103321 996 $aTo amend paragraph 2 of section 7 of the Farm Loan Act. May 26 (calendar day, May 27), 1926. -- Ordered to be printed$93463545 997 $aUNINA